• 首页
  • 本馆介绍
  • 公告通知
  • 最新文献
  • 馆藏检索
  • 电子资源
  • 读者导购
  • 参考咨询
  • 我的图书馆
  • 登录
  • 详细信息显示
  • 放入我的书架
  • 预约/预借图书
  • 作者相关作品
  • 分类相关作品
  • 丛书相关作品
  • 出版社相关作品

书目信息

  • 表格格式
  • 工作单格式
  • 卡片格式
题名:
高含水油田储层沉积学
    
 
作者: 张昌民 , 尹太举 , 张尚锋 著
分册:  
出版信息: 北京   科学出版社  2017
页数: 711页
开本: 27cm
丛书名:
单 册:
中图分类: P618.130.2
科图分类:
主题词: 高含水--gao han shui--油田--储集层--沉积学--中国
电子资源:
ISBN: 978-7-03-051627-5
000 01081cam0 2200289 45
001 012001003589
005 20140102142017.0
010    @a978-7-03-051627-5@dCNY368.00
099    @aCAL 012017099222
100    @a20170621d2017 em y0chiy50 ea
101 0  @achi
102    @aCN@b110000
105    @aak a 000yy
106    @ar
200 1  @a高含水油田储层沉积学@Agao han shui you tian chu ceng chen ji xue@f张昌民 ... [等] 著
210    @a北京@c科学出版社@d2017
215    @a711页@c图@d27cm
304    @a著者还有: 尹太举, 张尚锋, 李少华, 尹艳树, 王振奇
320    @a有书目
330    @a本书主要介绍长江大学剩余资源研究组20余年来开展储层沉积学研究所取得的理论和实践成果。主要论述储层层次分析方法、储层表征的工作思路和基本框架、高分辨率层序底层学、现代沉积调查与沉积模拟等内容。
606 0  @a高含水@Agao han shui@x油田@x储集层@x沉积学@y中国
690    @aP618.130.2@v5
701  0 @a张昌民@Azhang chang min@4著
701  0 @a尹太举@Ayin tai ju@4著
701  0 @a张尚锋@Azhang shang feng@4著
801  2 @aCN@b北京卓展@c20191020
905    @b1212205-6@dP618.130.2@e124@f2
    
    高含水油田储层沉积学/张昌民 ... [等] 著.-北京:科学出版社,2017
    711页:图;27cm
    
    
    ISBN 978-7-03-051627-5:CNY368.00
    本书主要介绍长江大学剩余资源研究组20余年来开展储层沉积学研究所取得的理论和实践成果。主要论述储层层次分析方法、储层表征的工作思路和基本框架、高分辨率层序底层学、现代沉积调查与沉积模拟等内容。
●
相关链接 在E读中查询图书 在五车中查询图书 在当当中查询图书 在豆瓣中查询图书


正题名:高含水油田储层沉积学     索取号:P618.130.2/124         预约/预借

序号 登录号 条形码 馆藏地/架位号 状态 备注
1 1212205   212122059   第二样本阅览室/ [索取号:P618.130.2/124] 在馆    
2 1212206   212122068   第三借阅区/ [索取号:P618.130.2/124] 在馆    
唐山师范学院图书馆 欢迎您!
大连网信软件有限公司© 版权所有